| 000 | 00720nam a22002177a 4500 | ||
|---|---|---|---|
| 003 | KOHA_MİRAKIL | ||
| 005 | 20260601115040.0 | ||
| 008 | 260601b tu ||||| |||| 00| 0 tur d | ||
| 040 |
_aTR-AnABB _btur _cTR-AnABB |
||
| 041 | _atur | ||
| 082 |
_a003.5 _bJOE 1975 |
||
| 100 | 1 | _aRosnay, Joël de | |
| 245 | 1 | 3 |
_aLe macroscpoe : _bvers une vision globale / _cJoel de Rosnay |
| 260 |
_aParis : _bEditions du Seuil, _c1975 |
||
| 300 |
_a350 sayfa ; _c18 cm |
||
| 500 | _aDizin vardır | ||
| 500 | _aEser içerisinde Prof. Dr. Ruşen Keleş tarafından yapılan satır altı çizimleri ve vurgulamalar vardır. | ||
| 650 | 0 | 4 | _aSistemler kuramı |
| 650 | 0 | 4 | _aEnerji politikaları |
| 942 |
_2ddc _cBK |
||
| 999 |
_c10391 _d10391 |
||
| 900 | _bCan ÇELIK | ||